000 01779cam a2200253 4500
001 L130249
008 050706n2005 000 0 eng u
020 _a0110728688
035 _a(Sirsi) u130249
041 _aeng
245 4 _aThe Environmental Impact Assessment (Land Drainage Improvement Works) (Amendment) Regulations 2005
260 _aLondon
_bTSO
_c2005
490 _aSI
_v2005:1399
520 _aThese Regulations amend the Environmental Impact Assessment (Land Drainage Improvement Works) Regulations 1999, which apply to England and Wales. Regulation 3 makes amendments to the 1999 Regulations in relation to public participation in determining whether improvement works should be carried out, arising from Directive 2003/35/EC, which amends Directive 85/337/EEC on the assessment of the effects of certain public and private projects on the environment. Regulation 4 provides that notices under the 1999 Regulations are to be published not only in two local newspapers but also on any website maintained by the drainage body proposing the works. Regulation 5 makes further miscellaneous amendments to the 1999 Regulations not directly related to public participation in decision-making.
590 _aIKA020805
650 _aENVIRONMENTAL IMPACT ASSESSMENT (LAND DRAINAGE IMPROVEMENT WORKS) (AMENDMENT) REGULATIONS 2005
650 _aDIRECTIVE 2003/35/EC
650 _aDIRECTIVE 85/337/EEC
650 _aDIRECTIVE 97/11/EC
650 _aENVIRONMENTAL IMPACT ASSESSMENT (LAND DRAINAGE IMPROVEMENT WORKS) REGULATIONS 1999
690 _aENVIRONMENTAL AND LAND CONSULTANCY-PLANNING AND DEVELOPMENT
856 _uhttps://www.legislation.gov.uk/uksi/2005/1399/contents/made
_zView the Regulations free of charge at www.legislation.gov.uk...
942 _n0
999 _c104412
_d104412